STUDY ON LAND TENURE AND LAND USE OF SOCIAL LAND CONCESSION TO FORMER ARMED FORCES AND VETERANS FAMILIES IN DECHOU AKPHIVOADTH COMMUNE, CHHUK DISTRICT, KAMPOT PROVINCE សិក្សាពីការកាន់កាប់ និងការប្រើប្រាស់ដីសម្បទាន ដីសង្គមកិច្ចជូនអតីតកងកម្លាំងប្រដាប់អាវុធ និងគ្រួសារយោធិននៅឃុំតេជោអភិវឌ្ឍន៍ ស្រុកឈូក ខេត្តកំពត (Record no. 23174)

000 -LEADER
fixed length control field 00912nam a22001217a 4500
040 ## - CATALOGING SOURCE
Transcribing agency RUA
100 ## - MAIN ENTRY--AUTHOR NAME
Personal name PHOUM BORY ភូមិ បូរី
245 ## - TITLE STATEMENT
Title STUDY ON LAND TENURE AND LAND USE OF SOCIAL LAND CONCESSION TO FORMER ARMED FORCES AND VETERANS FAMILIES IN DECHOU AKPHIVOADTH COMMUNE, CHHUK DISTRICT, KAMPOT PROVINCE សិក្សាពីការកាន់កាប់ និងការប្រើប្រាស់ដីសម្បទាន ដីសង្គមកិច្ចជូនអតីតកងកម្លាំងប្រដាប់អាវុធ និងគ្រួសារយោធិននៅឃុំតេជោអភិវឌ្ឍន៍ ស្រុកឈូក ខេត្តកំពត
260 ## - PUBLICATION, DISTRIBUTION, ETC. (IMPRINT)
Place of publication PHNOM PENH
Name of publisher RUA
Year of publication 2023
300 ## - PHYSICAL DESCRIPTION
Number of Pages X. 65P
Other physical details VII.
Dimensions 29CM
856 ## - ELECTRONIC LOCATION AND ACCESS
Uniform Resource Identifier https://drive.google.com/file/d/1j331gCn25nSunoTsze7-obZplx0YNRoa/view?usp=sharing
942 ## - ADDED ENTRY ELEMENTS (KOHA)
Koha item type LMA
952 ## - LOCATION AND ITEM INFORMATION (KOHA)
Withdrawn status [LOCAL, KOHA] 0
952 ## - LOCATION AND ITEM INFORMATION (KOHA)
Withdrawn status [LOCAL, KOHA] 0
952 ## - LOCATION AND ITEM INFORMATION (KOHA)
Withdrawn status [LOCAL, KOHA] 0
952 ## - LOCATION AND ITEM INFORMATION (KOHA)
Withdrawn status [LOCAL, KOHA] 0
Holdings
Permanent Location Date acquired Koha item type Lost status Shelving location Barcode Current Location Full call number
Library Block B2024-06-20LMA B1.498a080867Library Block BLMA PHO 2023 B1-498 Or.
Library Block B2024-06-20LMA B1.498a080987Library Block BLMA PHO 2023 B1-498 Or.
Library Block B2024-06-20LMA B1.498a080983Library Block BLMA PHO 2023 B1-498 Or.
Library Block B2024-06-20LMA B1.498a081098Library Block BLMA PHO 2023 B1-498 Or.
មជ្ឈមណ្ឌលឯការនៃសាកលវិទ្យាល័យភូមិន្ទកសិកម្មចំការដូង

Powered by Koha